|
|
|
|
| LEADER |
01149nam a2200253 i 4500 |
| 001 |
10035608 |
| 003 |
GR-PaULI |
| 005 |
20220428120736.0 |
| 008 |
000711s1959 gr g f gre d |
| 952 |
|
|
|0 0
|1 0
|2 ddc
|4 0
|6 813_540000000000000_NAB
|7 0
|9 243573
|a LISP
|b LISP
|c DON
|d 2020-09-17
|e ΠΑΠ
|i 149096
|l 0
|o 813.54 NAB
|p 025000269687
|r 2020-09-17 00:00:00
|t 1
|v 2020.00
|w 2020-09-17
|y BK15
|
| 999 |
|
|
|c 146976
|d 146976
|
| 040 |
|
|
|a GR-PaULI
|b gre
|c GR-PaULI
|e AACR2
|
| 041 |
1 |
|
|a gre
|h eng
|
| 082 |
0 |
4 |
|a 813.54
|2 23
|
| 100 |
1 |
|
|9 6590
|a Nabokov, Vladimir Vladimirovich,
|d 1899-1977,
|e συγγραφέας.
|
| 245 |
1 |
0 |
|a Λολίτα /
|c Βλαντιμίρ Ναμπόκοβ ; μεταφραστής Α. Πάγκαλος.
|
| 260 |
|
|
|a Αθήνα :
|b Μινώταυρος,
|c 1959.
|
| 300 |
|
|
|a 383 σ. ;
|c 18 εκ.
|
| 490 |
1 |
|
|a Φιλολογική βιβλιοθήκη / Μινώταυρος
|
| 700 |
1 |
|
|a Πάγκαλος, Ανδρέας
|9 6919
|e μεταφραστής.
|
| 765 |
0 |
8 |
|i Μετάφραση του :
|t Lolita
|
| 830 |
|
0 |
|9 183097
|a Φιλολογική βιβλιοθήκη (Μινώταυρος)
|
| 942 |
|
|
|2 ddc
|c BK15
|
| 998 |
|
|
|c ΛΟΤΣΑΡΗ
|d 2020-09
|